Odborná príprava a rekvalifikácia medzinárodne.

Konferencia konaná v dňoch 7.-8. okt. 1992 v Prahe v rámci IV. Európskeho kongresu k výchove a vzdelávaniu. Konferencia bola venovaná otázkam súvisiacim s koncepciou odbornej prípravy v podmienkach vyplývajúcich z reštrukturalizácie trhu práce a zamestnanosti. Skúsenosti a poznatky z Poľska a Nemeck...

Ausführliche Beschreibung

Gespeichert in:
Bibliographische Detailangaben
1. Verfasser: Horská, H.
Format: Buchkapitel
Sprache:Slowakisch
Schlagworte:
Tags: Tag hinzufügen
Keine Tags, Fügen Sie das erste Tag hinzu!

MARC

LEADER 00000naa a2200000 4500
001 r011380
005 20220826094410.1
041 0 |a slo 
044 |a [CS] 
245 1 0 |a Odborná príprava a rekvalifikácia medzinárodne.  |c H. Horská 
520 |a Konferencia konaná v dňoch 7.-8. okt. 1992 v Prahe v rámci IV. Európskeho kongresu k výchove a vzdelávaniu. Konferencia bola venovaná otázkam súvisiacim s koncepciou odbornej prípravy v podmienkach vyplývajúcich z reštrukturalizácie trhu práce a zamestnanosti. Skúsenosti a poznatky z Poľska a Nemecka. 
610 2 0 |a konferencie 
610 2 0 |a 1992 
610 2 0 |a Praha 
610 2 0 |a vzdelávanie ďalšie 
610 2 0 |a výchova odborná 
610 2 0 |a príprava odborná 
610 2 0 |a rekvalifikácia 
610 2 0 |a Nemecko 
610 2 0 |a PR 
100 1 |a Horská, H.